A professional career in the built environment (Record no. 110958)

MARC details
000 -LEADER
fixed length control field 00815cad a22001935a 4500
001 - CONTROL NUMBER
control field E150724
008 - FIXED-LENGTH DATA ELEMENTS--GENERAL INFORMATION
fixed length control field 100824n xxk f 000 0 eng d
035 ## - SYSTEM CONTROL NUMBER
System control number (Sirsi) u150724
041 0# - LANGUAGE CODE
Language code of text/sound track or separate title eng
110 2# - MAIN ENTRY--CORPORATE NAME
Corporate name or jurisdiction name as entry element Construction Industry Council
9 (RLIN) 2417
245 02 - TITLE STATEMENT
Title A professional career in the built environment
Remainder of title an opportunity to transform our world
Medium [electronic resource]
260 ## - PUBLICATION, DISTRIBUTION, ETC.
Place of publication, distribution, etc. London
Name of publisher, distributor, etc. CIC
Date of publication, distribution, etc. [n.d.]
520 ## - SUMMARY, ETC.
Summary, etc. A guide for those considering a career in the built environment, including surveying, planning, architecture, engineering and project management.
590 ## - LOCAL NOTE (RLIN)
Local note KA
651 #4 - SUBJECT ADDED ENTRY--GEOGRAPHIC NAME
Geographic name United Kingdom
Chronological subdivision
690 ## - LOCAL SUBJECT ADDED ENTRY--TOPICAL TERM (OCLC, RLIN)
Topical term or geographic name as entry element CAREERS, EDUCATION AND TRAINING
856 40 - ELECTRONIC LOCATION AND ACCESS
Uniform Resource Identifier <a href="https://www.cic.org.uk/activities/CIC_AProfessionalCareer_BuiltEnvironment.pdf">https://www.cic.org.uk/activities/CIC_AProfessionalCareer_BuiltEnvironment.pdf</a>
Public note View the guide free of charge at www.cic.org.uk
942 ## - ADDED ENTRY ELEMENTS (KOHA)
Suppress in OPAC 0
Holdings
Withdrawn status Lost status Source of classification or shelving scheme Damaged status Not for loan Home library Current library Shelving location Date acquired Total Checkouts Full call number Barcode Date last seen Copy number Price effective from Koha item type
    Dewey Decimal Classification     Virtual Virtual Online 24/08/2010   ONLINE PUBLICATION 150724-2001 06/08/2019 1 06/08/2019 Book